=LDR 00000nam 2200000 4500 =001 INLIS000000000058897 =005 20211013035120 =035 ##$$a 0010-1021000345 =007 ta =008 211013###########################0#ind## =020 ##$$a 978-602-718-229-5 =082 ##$$a 297.1 =084 ##$$a 297.1 Juz j =245 ##$$a Juz Amma & Terjemah =300 ##$$a 128 halaman ; $c 20 cm =650 #4$$a Al - Qur'an =264 ##$$a Depok :$b Senja Media Utama,$c 2021 =336 ##$$a teks$2 rdacontent =337 ##$$a lain-lain$2 rdamedia =338 ##$$a lain-lain$2 rdacarrier =990 ##$$a 19461946 =990 ##$$a 19461946